| 000 | 00540nam a2200217Ia 4500 | ||
|---|---|---|---|
| 003 | OSt | ||
| 005 | 20240423085800.0 | ||
| 008 | 210324s9999||||xx |||||||||||||| ||und|| | ||
| 040 | _cSTCPL | ||
| 041 | _aENG | ||
| 082 |
_a821.09 _bJAM-S |
||
| 100 | _aReeves, James | ||
| 245 | 2 |
_aA short history of english poetry 1340-1940 / _cby James Reeves |
|
| 260 |
_aLondon : _bMercury Books , _c1964 . |
||
| 300 |
_a228 p. _bPB |
||
| 650 | _aEnglish literature | ||
| 650 | _aPoetry | ||
| 650 | _aCriticism | ||
| 942 | _cBK | ||
| 942 | _2ddc | ||
| 999 |
_c10920 _d10920 |
||